[Event "BL 0405 (Women)"]
[Site "Germany"]
[Date "2005.04.23"]
[Round "10.6"]
[White "Sonnenberger, Kirsten"]
[Black "Sulikiene, Kristina"]
[Result "1/2-1/2"]
[WhiteElo "2045"]
[BlackElo "2041"]
[PlyCount "109"]
[EventDate "2004.11.06"]
[EventType "team-tourn"]
[EventRounds "11"]
[EventCountry "GER"]
[SourceTitle "EXT 2006"]
[Source "ChessBase"]
[SourceDate "2005.11.24"]
[SourceVersion "1"]
[SourceVersionDate "2005.11.24"]
[SourceQuality "1"]
[WhiteTeam "Pankow (W)"]
[BlackTeam "Dresden SC (W)"]
[WhiteTeamCountry "GER"]
[BlackTeamCountry "GER"]

1. e4 e5 2. Nc3 Nf6 3. f4 d5 4. fxe5 Nxe4 5. Nf3 Be7 6. d4 0-0 7. Bd3 Bf5 8. Qe2 Nxc3 9. bxc3 Bxd3 10. Qxd3 c5 11. 0-0 c4 12. Qf5 Nc6 13. Ng5 Bxg5 14. Bxg5 Qc8 15. Qf4 Qe6 16. Qh4 Rae8 17. Rf3 Ne7 18. Raf1 Ng6 19. Qg3 Qb6 20. Qf2 Qc7 21. h4 h6 22. h5 Nxe5 23. dxe5 hxg5 24. Qxa7 Rxe5 25. Qd4 f6 26. h6 gxh6 27. Rxf6 Rxf6 28. Rxf6 Re1+ 29. Kf2 Re5 30. Qb6 Rf5+ 31. Kg1 Qxb6+ 32. Rxb6 Kg7 33. Rxb7+ Kg6 34. a4 Kh5 35. Rb6 g4 36. Kh2 Rf2 37. Rd6 Rxc2 38. Rxd5+ Kh4 39. Rd4 Rxc3 40. a5 Ra3 41. Rxc4 Rxa5 42. Rc1 g3+ 43. Kg1 Ra4 44. Rb1 h5 45. Rc1 Kg4 46. Rb1 h4 47. Rc1 Kf4 48. Rb1 Ke3 49. Rc1 Kd2 50. Rb1 Re4 51. Ra1 Re1+ 52. Rxe1 Kxe1 53. Kh1 h3 54. Kg1 h2+ 55. Kh1 1/2-1/2

[Event "BL 0405 (Women)"]
[Site "Germany"]
[Date "2005.02.20"]
[Round "7.6"]
[White "Busch, Annette"]
[Black "Sonnenberger, Kirsten"]
[Result "1/2-1/2"]
[WhiteElo "1614"]
[BlackElo "2045"]
[PlyCount "31"]
[EventDate "2004.11.06"]
[EventType "team-tourn"]
[EventRounds "11"]
[EventCountry "GER"]
[SourceTitle "EXT 2006"]
[Source "ChessBase"]
[SourceDate "2005.11.24"]
[SourceVersion "1"]
[SourceVersionDate "2005.11.24"]
[SourceQuality "1"]
[WhiteTeam "Mannheim (W)"]
[BlackTeam "Pankow (W)"]
[WhiteTeamCountry "GER"]
[BlackTeamCountry "GER"]

1. d4 Nf6 2. Nf3 g6 3. Bf4 Bg7 4. e3 d6 5. Be2 0-0 6. h3 c5 7. c3 Qb6 8. Qb3 Be6 9. Qxb6 axb6 10. a3 Nc6 11. Nbd2 h6 12. 0-0 Nh5 13. Bh2 f5 14. Nc4 Bxc4 15. Bxc4+ Kh7 16. Rad1 1/2-1/2

[Event "Rostock  PSV op 03rd"]
[Site "Rostock"]
[Date "2003.08.30"]
[Round "5"]
[White "Sonnenberger, Kirsten"]
[Black "Illgen, Alexander"]
[Result "0-1"]
[WhiteElo "2052"]
[BlackElo "1774"]
[PlyCount "24"]
[EventDate "2003.08.28"]
[EventType "swiss"]
[EventRounds "7"]
[EventCountry "GER"]
[SourceTitle "EXT 2009"]
[Source "ChessBase"]
[SourceDate "2008.11.26"]
[SourceVersion "1"]
[SourceVersionDate "2008.11.26"]
[SourceQuality "1"]

1. e4 e5 2. Nc3 Nc6 3. Nf3 d6 4. d4 exd4 5. Nxd4 Bd7 6. Bc4 Nf6 7. 0-0 Be7 8. f4 0-0 9. a3 b6 10. b4 a5 11. b5 Nxd4 12. Qxd4 d5 0-1

[Event "Rostock  PSV op 03rd"]
[Site "Rostock"]
[Date "2003.08.28"]
[Round "1"]
[White "Sonnenberger, Kirsten"]
[Black "Glebow, Roman"]
[Result "1-0"]
[WhiteElo "2052"]
[BlackElo "1498"]
[PlyCount "77"]
[EventDate "2003.08.28"]
[EventType "swiss"]
[EventRounds "7"]
[EventCountry "GER"]
[SourceTitle "EXT 2009"]
[Source "ChessBase"]
[SourceDate "2008.11.26"]
[SourceVersion "1"]
[SourceVersionDate "2008.11.26"]
[SourceQuality "1"]

1. e4 e6 2. d4 d5 3. Nc3 Bb4 4. e5 c5 5. a3 cxd4 6. Qxd4 Nc6 7. Bb5 Ba5 8. b4 Bc7 9. Bxc6+ bxc6 10. Nf3 Ne7 11. Bg5 h6 12. Qh4 Rg8 13. Be3 Nf5 14. Qxd8+ Kxd8 15. Bc5 Bb6 16. Na4 Bxc5 17. Nxc5 Kc7 18. 0-0 a5 19. c3 a4 20. g4 Ne7 21. Nd4 Ba6 22. Rfe1 Bc4 23. Re3 Nc8 24. f4 g6 25. Rh3 Ne7 26. Rxh6 Rh8 27. Rxh8 Rxh8 28. Kg2 Bb5 29. Re1 Rh7 30. Kg3 Rh8 31. h4 Nc8 32. Rh1 Nb6 33. Rh2 Nc4 34. Nc2 Nb2 35. Ne3 Nc4 36. Nxc4 Bxc4 37. h5 gxh5 38. Rxh5 Rg8 39. Rh7 1-0

[Event "Mecklenburg VP LL2 West 0203"]
[Site "Mecklenburg VP"]
[Date "2003.01.12"]
[Round "4.3"]
[White "Brack, Peter"]
[Black "Sonnenberger, Kirsten"]
[Result "1/2-1/2"]
[WhiteElo "1905"]
[BlackElo "1953"]
[PlyCount "35"]
[EventDate "2002.10.20"]
[EventType "team-tourn"]
[EventRounds "9"]
[EventCountry "GER"]
[SourceTitle "EXT 2022"]
[Source "ChessBase"]
[SourceDate "2021.10.06"]
[SourceVersion "1"]
[SourceVersionDate "2021.10.06"]
[SourceQuality "1"]
[WhiteTeam "Putlitzer SV 1921"]
[BlackTeam "Rostock PSV II"]
[WhiteTeamCountry "GER"]
[BlackTeamCountry "GER"]

1. c4 Nf6 2. Nc3 g6 3. g3 Bg7 4. Bg2 c6 5. e4 d6 6. Nge2 0-0 7. d3 e5 8. 0-0 Nbd7 9. h3 Nb6 10. Kh2 d5 11. cxd5 cxd5 12. b3 Be6 13. Ba3 Re8 14. Rc1 Qd7 15. Rc2 Rac8 16. Qd2 Red8 17. Rd1 h5 18. d4 1/2-1/2

[Event "Mecklenburg VP LL2 West 0203"]
[Site "Mecklenburg VP"]
[Date "2002.12.15"]
[Round "3.3"]
[White "Sonnenberger, Kirsten"]
[Black "Herholz, Holger"]
[Result "1/2-1/2"]
[WhiteElo "1953"]
[BlackElo "1919"]
[PlyCount "28"]
[EventDate "2002.10.20"]
[EventType "team-tourn"]
[EventRounds "9"]
[EventCountry "GER"]
[SourceTitle "EXT 2022"]
[Source "ChessBase"]
[SourceDate "2021.10.06"]
[SourceVersion "1"]
[SourceVersionDate "2021.10.06"]
[SourceQuality "1"]
[WhiteTeam "Rostock PSV II"]
[BlackTeam "Warnemuende SF Ostsee II"]
[WhiteTeamCountry "GER"]
[BlackTeamCountry "GER"]

1. e4 c5 2. Nf3 Nc6 3. d4 cxd4 4. Nxd4 d6 5. Be2 Nf6 6. Nc3 g6 7. Be3 Bg7 8. 0-0 0-0 9. Kh1 Bd7 10. f4 a6 11. Bf3 Qc7 12. Rc1 Rac8 13. Nxc6 Bxc6 14. Bd4 Rfe8 1/2-1/2

[Event "BL 0203 (Women)"]
[Site "Germany"]
[Date "2002.10.13"]
[Round "2.6"]
[White "Sonnenberger, Kirsten"]
[Black "Moingt, Anne"]
[Result "1-0"]
[WhiteElo "2046"]
[BlackElo "2169"]
[PlyCount "71"]
[EventDate "2002.10.12"]
[EventType "team-tourn"]
[EventRounds "11"]
[EventCountry "GER"]
[SourceTitle "EXT 2003"]
[Source "ChessBase"]
[SourceDate "2002.11.25"]
[SourceVersion "1"]
[SourceVersionDate "2002.11.25"]
[SourceQuality "1"]
[WhiteTeam "Berlin Rotation (W)"]
[BlackTeam "Karlsruhe (W)"]
[WhiteTeamCountry "GER"]
[BlackTeamCountry "GER"]

1. e4 c5 2. Nf3 d6 3. d4 cxd4 4. Nxd4 Nf6 5. Nc3 Nc6 6. Be2 g6 7. Be3 Bg7 8. 0-0 0-0 9. Kh1 a6 10. f4 Bd7 11. Nb3 b5 12. Bf3 Rc8 13. Nd5 Nxd5 14. exd5 Na5 15. Bd4 Nc4 16. Bxg7 Kxg7 17. Qd4+ Kg8 18. Nd2 Nxd2 19. Qxd2 Bf5 20. c3 Qb6 21. Rfe1 Rfe8 22. Rad1 Qa5 23. a3 Qa4 24. Rc1 Qa5 25. Re2 Qb6 26. Rce1 Kf8 27. g4 Bd7 28. f5 Qd8 29. Qh6+ Kg8 30. Be4 Rc4 31. fxg6 fxg6 32. Bxg6 hxg6 33. Qxg6+ Kh8 34. Re3 Bxg4 35. Rg1 Qa8 36. Rh3+ 1-0

[Event "Mecklenburg VP LL 0102"]
[Site "Mecklenburg VP"]
[Date "2002.??.??"]
[Round "6.8"]
[White "Herzel, Alois"]
[Black "Sonnenberger, Kirsten"]
[Result "1/2-1/2"]
[WhiteElo "1812"]
[BlackElo "1953"]
[PlyCount "78"]
[EventDate "2001.10.07"]
[EventType "team-tourn"]
[EventRounds "9"]
[EventCountry "GER"]
[SourceTitle "EXT 2022"]
[Source "ChessBase"]
[SourceDate "2021.10.06"]
[SourceVersion "1"]
[SourceVersionDate "2021.10.06"]
[SourceQuality "1"]
[WhiteTeam "Rostock Polizei"]
[BlackTeam "Guestrow Post"]
[WhiteTeamCountry "GER"]
[BlackTeamCountry "GER"]

1. d4 Nf6 2. c4 g6 3. Nc3 Bg7 4. e4 d6 5. f3 0-0 6. Be3 Nbd7 7. Qd2 e5 8. d5 Ne8 9. Bd3 Nc5 10. Bc2 f5 11. b4 Na6 12. a3 Bd7 13. Nge2 f4 14. Bf2 Qg5 15. g4 Qe7 16. h4 h6 17. 0-0-0 b6 18. Kb2 Nb8 19. b5 a6 20. a4 a5 21. Rdg1 Bc8 22. Nc1 Nd7 23. Nd3 Nc5 24. Qe1 Bd7 25. Qf1 Qf7 26. Qg2 Qe7 27. Be1 Qf7 28. Ka3 Rc8 29. Nxc5 dxc5 30. Bd3 Nd6 31. Kb3 Qe7 32. Nd1 Qf7 33. Nb2 Qe7 34. Bc3 Ra8 35. Bb1 Bc8 36. Nd3 Bd7 37. h5 g5 38. Qb2 Rfe8 39. Rh2 Nf7 1/2-1/2

[Event "Mecklenburg VP LL 0102"]
[Site "Mecklenburg VP"]
[Date "2002.??.??"]
[Round "9.6"]
[White "Sonnenberger, Kirsten"]
[Black "Goertz, Frank"]
[Result "1/2-1/2"]
[WhiteElo "1953"]
[BlackElo "2018"]
[PlyCount "113"]
[EventDate "2001.10.07"]
[EventType "team-tourn"]
[EventRounds "9"]
[EventCountry "GER"]
[SourceTitle "EXT 2022"]
[Source "ChessBase"]
[SourceDate "2021.10.06"]
[SourceVersion "1"]
[SourceVersionDate "2021.10.06"]
[SourceQuality "1"]
[WhiteTeam "Schwerin SV Einheit"]
[BlackTeam "Rostock Polizei"]
[WhiteTeamCountry "GER"]
[BlackTeamCountry "GER"]

1. e4 e6 2. d4 d5 3. Nc3 Bb4 4. e5 c5 5. a3 Bxc3+ 6. bxc3 Ne7 7. Bb5+ Nbc6 8. Ne2 Bd7 9. Bg5 Nxe5 10. Bxd7+ Nxd7 11. dxc5 0-0 12. c4 Nxc5 13. 0-0 Re8 14. cxd5 Qxd5 15. Bxe7 Qxd1 16. Rfxd1 Rxe7 17. Rd4 Rd7 18. Rad1 Rxd4 19. Rxd4 Kf8 20. f3 Rc8 21. Kf2 Ke7 22. Ke3 Nd7 23. c3 e5 24. Ra4 a6 25. Rb4 Rc7 26. c4 f5 27. Nc3 Nf6 28. Nb1 Kd7 29. Nd2 b5 30. Kd3 Kc6 31. cxb5+ axb5 32. a4 Rd7+ 33. Ke2 bxa4 34. Rxa4 Nd5 35. Rc4+ Kb5 36. g3 g5 37. Rc8 Kb4 38. Rc4+ Kb5 39. Rc8 h5 40. Rb8+ Kc5 41. Rc8+ Kb5 42. Rb8+ Nb6 43. Rh8 h4 44. gxh4 gxh4 45. Rxh4 Nd5 46. Rh8 Nf4+ 47. Ke1 Kc5 48. Rf8 Ng2+ 49. Ke2 f4 50. Nf1 Ra7 51. Rd8 Nh4 52. Rc8+ Kd5 53. Rd8+ Ke6 54. Re8+ Kf5 55. Rf8+ Ke6 56. Re8+ Kf6 57. Rf8+ 1/2-1/2

[Event "Mecklenburg VP LL 0102"]
[Site "Mecklenburg VP"]
[Date "2002.??.??"]
[Round "7.6"]
[White "Sonnenberger, Kirsten"]
[Black "Jabbusch, Burkhard"]
[Result "0-1"]
[WhiteElo "1953"]
[BlackElo "1999"]
[PlyCount "143"]
[EventDate "2001.10.07"]
[EventType "team-tourn"]
[EventRounds "9"]
[EventCountry "GER"]
[SourceTitle "EXT 2022"]
[Source "ChessBase"]
[SourceDate "2021.10.06"]
[SourceVersion "1"]
[SourceVersionDate "2021.10.06"]
[SourceQuality "1"]
[WhiteTeam "Rostock Polizei"]
[BlackTeam "Stralsund FHSG"]
[WhiteTeamCountry "GER"]
[BlackTeamCountry "GER"]

1. e4 c5 2. Nf3 Nc6 3. d4 cxd4 4. Nxd4 g6 5. Nc3 Bg7 6. Be3 Qa5 7. a3 d6 8. Be2 Nf6 9. 0-0 0-0 10. b4 Qd8 11. h3 Bd7 12. b5 Na5 13. Bd3 Qc8 14. Nde2 Nc4 15. Bg5 Re8 16. a4 Ne5 17. Rc1 Bxh3 18. gxh3 Nf3+ 19. Kg2 Nxg5 20. Rh1 Qc5 21. f4 Ne6 22. Qg1 Qh5 23. Qf2 Nc5 24. Ng3 Qh6 25. Bc4 Rac8 26. Bd5 e6 27. Ba2 Nh5 28. Nce2 Nxa4 29. Rhf1 Nc5 30. f5 Rc7 31. Rcd1 Be5 32. fxe6 fxe6 33. Nxh5 Qxh5 34. Nf4 Qg5+ 35. Kh1 Bxf4 36. Qxf4 Qxf4 37. Rxf4 Rd7 38. Rf6 Kg7 39. Rf4 e5 40. Rg4 h5 41. Rg2 Rf8 42. Bd5 Rf6 43. Ra1 a6 44. bxa6 bxa6 45. Rb1 Rd8 46. Rb6 Kh6 47. c4 Rf1+ 48. Kh2 Re1 49. Ra2 h4 50. Rc6 Nxe4 51. Raxa6 Re2+ 52. Kg1 Rb8 53. Ra1 Rb3 54. Bxe4 Rxe4 55. Rxd6 Rxc4 56. Re1 Rg3+ 57. Kf1 Rxh3 58. Rxe5 Rc2 59. Kg1 Rb3 60. Re1 Kh5 61. Rde6 g5 62. R6e4 Rbc3 63. Re8 Rc1 64. R8e7 Rxe1+ 65. Rxe1 h3 66. Rd1 Kh4 67. Rd4+ g4 68. Rd1 Kg3 69. Kh1 Re3 70. Rg1+ Kf4 71. Rc1 Re2 72. Rf1+ 0-1

[Event "BL 9900 (Women)"]
[Site "Germany"]
[Date "2000.03.04"]
[Round "8.6"]
[White "Sonnenberger, Kirsten"]
[Black "Jackova, Jana"]
[Result "0-1"]
[WhiteElo "2028"]
[BlackElo "2233"]
[PlyCount "64"]
[EventDate "1999.10.16"]
[EventType "team-tourn"]
[EventRounds "11"]
[EventCountry "GER"]
[SourceTitle "CBM 075 Extra"]
[Source "ChessBase"]
[SourceDate "2000.05.11"]
[SourceVersion "2"]
[SourceVersionDate "2000.05.11"]
[SourceQuality "1"]
[WhiteTeam "Berlin Rotation"]
[BlackTeam "Dresden SC (W)"]
[WhiteTeamCountry "GER"]
[BlackTeamCountry "GER"]

1. e4 e5 2. Nc3 Nf6 3. f4 d5 4. exd5 exf4 5. Bb5+ Bd7 6. Qe2+ Be7 7. d6 cxd6 8. d4 0-0 9. Bxf4 Nc6 10. 0-0-0 a6 11. Bd3 Nb4 12. Nf3 Re8 13. h3 b5 14. Ng5 Qa5 15. Rhf1 Nxd3+ 16. Qxd3 b4 17. Nce4 Nxe4 18. Nxe4 Bb5 19. Qf3 Bxf1 20. Rxf1 Qxa2 21. Bxd6 Rad8 22. Be5 f6 23. Bxf6 Bxf6 24. Nxf6+ gxf6 25. Qxf6 Qe6 26. Qg5+ Kh8 27. Qf4 Rf8 28. Qe5+ Qxe5 29. Rxf8+ Rxf8 30. dxe5 Rf2 31. Kd1 Rxg2 32. e6 Kg7 0-1

[Event "BL 9900 (Women)"]
[Site "Germany"]
[Date "1999.11.14"]
[Round "4.5"]
[White "Moingt, Anne"]
[Black "Sonnenberger, Kirsten"]
[Result "0-1"]
[WhiteElo "2115"]
[BlackElo "2028"]
[PlyCount "110"]
[EventDate "1999.10.16"]
[EventType "team-tourn"]
[EventRounds "11"]
[EventCountry "GER"]
[SourceTitle "CBM 073 Extra"]
[Source "ChessBase"]
[SourceDate "2000.01.11"]
[SourceVersion "1"]
[SourceVersionDate "2000.01.11"]
[SourceQuality "1"]
[WhiteTeam "Karlsruhe"]
[BlackTeam "Berlin Rotation"]
[WhiteTeamCountry "GER"]
[BlackTeamCountry "GER"]

1. e4 e5 2. Nf3 Nf6 3. d4 exd4 4. e5 Ne4 5. Qxd4 d5 6. exd6 Nxd6 7. Nc3 Bf5 8. Be3 Bxc2 9. Rc1 Nc6 10. Qf4 Bg6 11. Be2 a6 12. 0-0 Nf5 13. Ne4 Nxe3 14. fxe3 Bd6 15. Nxd6+ Qxd6 16. Rfd1 Qxf4 17. exf4 Bf5 18. Nh4 Bd7 19. Bf3 0-0-0 20. g3 Rhe8 21. Kf2 Ne7 22. Rc3 c6 23. Ng2 Be6 24. a3 Rxd1 25. Bxd1 Rd8 26. Ke1 Nd5 27. Rc1 Bh3 28. Bf3 f6 29. Kf2 Nb6 30. Rc2 Bxg2 31. Bxg2 Rd4 32. Ke3 Rd1 33. Bf3 Re1+ 34. Kf2 Re7 35. Rd2 Kc7 36. h3 Nc4 37. Rc2 Nd6 38. g4 Nb5 39. Bg2 Nd4 40. Rd2 Nb3 41. Rc2 Rd7 42. Ke3 a5 43. h4 c5 44. Be4 Re7 45. f5 a4 46. Kf4 b5 47. g5 c4 48. Rg2 Nc5 49. Bc2 Nd7 50. gxf6 Nxf6 51. Rd2 Ne8 52. Be4 Nd6 53. Bd5 Re1 54. Be6 Re4+ 55. Kg3 Rxe6 0-1

[Event "BL 9899 (Women)"]
[Site "Germany"]
[Date "1999.01.17"]
[Round "8.6"]
[White "Sonnenberger, Kirsten"]
[Black "Nobis, Martina"]
[Result "1-0"]
[WhiteElo "2005"]
[BlackElo "2015"]
[PlyCount "67"]
[EventDate "1998.10.24"]
[EventType "team-tourn"]
[EventRounds "11"]
[EventCountry "GER"]
[SourceTitle "GER-chT"]
[Source "ChessBase"]
[SourceDate "1999.07.01"]
[SourceVersion "1"]
[SourceVersionDate "1999.07.01"]
[SourceQuality "1"]
[WhiteTeam "Berlin"]
[BlackTeam "Rodewisch"]
[WhiteTeamCountry "GER"]
[BlackTeamCountry "GER"]

1. e4 g6 2. d4 Bg7 3. Nf3 d6 4. c4 c5 5. Nc3 Qa5 6. Be2 Nf6 7. 0-0 cxd4 8. Nxd4 Nc6 9. Be3 0-0 10. h3 a6 11. a3 Qc7 12. Rc1 Qd8 13. f4 Bd7 14. Bf3 Rc8 15. Nd5 Nxd5 16. exd5 Na5 17. Be2 e5 18. fxe5 dxe5 19. Nf3 Qe8 20. b3 e4 21. Nd4 b6 22. b4 Nb7 23. Nc2 Qd8 24. Bd4 Bh6 25. Ne3 f5 26. c5 bxc5 27. bxc5 Nxc5 28. Rxc5 Qb6 29. Nc4 Qb8 30. Rxc8 Rxc8 31. Nb6 Rc7 32. Qb3 Qe8 33. Bc4 Rxc4 34. Nxd7 1-0

[Event "BL 9899 (Women)"]
[Site "Germany"]
[Date "1998.11.14"]
[Round "3.6"]
[White "Schuster, Birgit"]
[Black "Sonnenberger, Kirsten"]
[Result "1/2-1/2"]
[WhiteElo "2095"]
[BlackElo "2005"]
[PlyCount "85"]
[EventDate "1998.10.24"]
[EventType "team-tourn"]
[EventRounds "11"]
[EventCountry "GER"]
[SourceTitle "GER-chT"]
[Source "ChessBase"]
[SourceDate "1999.07.01"]
[SourceVersion "1"]
[SourceVersionDate "1999.07.01"]
[SourceQuality "1"]
[WhiteTeam "Leipzig Gohlis"]
[BlackTeam "Berlin"]
[WhiteTeamCountry "GER"]
[BlackTeamCountry "GER"]

1. e4 e5 2. Nf3 Nf6 3. d4 Nxe4 4. Bd3 d5 5. Nxe5 Bd6 6. 0-0 0-0 7. c4 c6 8. Qc2 f6 9. cxd5 cxd5 10. Bxe4 fxe5 11. Bxd5+ Kh8 12. dxe5 Bxe5 13. Be4 Qh4 14. g3 Qh5 15. Be3 Nc6 16. Qc5 Bg4 17. Nc3 Rac8 18. f4 Bxc3 19. Qxc3 Rfe8 20. Bg2 Bh3 21. Rae1 Bxg2 22. Kxg2 Qd5+ 23. Kg1 Qxa2 24. Bd4 Nxd4 25. Rxe8+ Rxe8 26. Qxd4 a6 27. Rc1 Qe6 28. Kg2 h6 29. Rc5 Qe4+ 30. Qxe4 Rxe4 31. Kf3 Rb4 32. Rc2 Kg8 33. Ke3 Kf7 34. Kd3 Kf6 35. Kc3 a5 36. Rd2 Ke6 37. Re2+ Kf6 38. Re5 b6 39. b3 g5 40. Re8 Kf7 41. Rc8 gxf4 42. Rc7+ Kf8 43. Rc8+ 1/2-1/2